[Event "1. Wittelsbacher Weihnachts-Schach-Open"]
[Site "Kelheim"]
[Date "2012.12.27"]
[Round "2.10"]
[White "Eibl, Maximilian"]
[Black "Klarl, Wolfgang"]
[Result "1-0"]
[WhiteElo "2137"]
[BlackElo "1817"]
[PlyCount "83"]
[EventDate "2012.??.??"]
[WhiteTeam "SK Kelheim 1920"]
[BlackTeam "DJK-Regensburg Nord e.V."]

1. e4 c6 2. d4 d5 3. e5 Bf5 4. Nc3 e6 5. g4 Bg6 6. Nge2 h6 7. Nf4 Bh7 8. Bd3
Bxd3 9. Nxd3 Nd7 10. Be3 Qb6 11. Qd2 O-O-O 12. O-O-O Qa5 13. Kb1 Kb8 14. f4 g6
15. f5 gxf5 16. gxf5 exf5 17. Qf2 Ne7 18. Ne2 Bg7 19. e6 Ka8 20. exd7 Rxd7 21.
Nc5 Rdd8 22. Ng3 b6 23. Nb3 Qa6 24. Nxf5 Nxf5 25. Qxf5 Qb7 26. Rdf1 Rd7 27.
Rhg1 f6 28. Bf2 Re7 29. Re1 Rhe8 30. Rxe7 Rxe7 31. Re1 Rxe1+ 32. Bxe1 a5 33.
Qe6 a4 34. Nc1 f5 35. Qxf5 Bxd4 36. Qf8+ Ka7 37. Qb4 Be5 38. Qxa4+ Kb8 39. Qh4
Qg7 40. Bg3 Kb7 41. Bxe5 Qxe5 42. Qxh6 1-0

[Event "1. Wittelsbacher Weihnachts-Schach-Open"]
[Site "Kelheim"]
[Date "2012.12.27"]
[Round "2.11"]
[White "Schawacht, Max"]
[Black "Kreuzer, Helmut"]
[Result "0-1"]
[WhiteElo "1816"]
[BlackElo "2132"]
[PlyCount "66"]
[EventDate "2012.??.??"]
[WhiteTeam "SV Erkenschwick 1923 e"]
[BlackTeam "SK Kelheim 1920"]

1. e4 c5 2. Nf3 d6 3. d4 cxd4 4. Nxd4 Nf6 5. Nc3 g6 6. Bc4 Bg7 7. Bb3 Nc6 8. f3
Nxd4 9. Qxd4 O-O 10. Bg5 h6 11. Bxf6 Bxf6 12. Qd2 Bg7 13. O-O-O Bd7 14. g4 b5
15. g5 h5 16. Rhe1 a5 17. e5 b4 18. Nd5 dxe5 19. Nxb4 e6 20. h4 axb4 21. Qxd7
Qb6 22. Qd3 Rad8 23. Qe3 Rxd1+ 24. Kxd1 Rd8+ 25. Kc1 Rd4 26. c3 bxc3 27. bxc3
Qc6 28. Rh1 e4 29. Bc2 Rc4 30. fxe4 Rxc3 31. Qe2 Qc5 32. Rf1 Bd4 33. Kb1 Rxc2
0-1

[Event "1. Wittelsbacher Weihnachts-Schach-Open"]
[Site "Kelheim"]
[Date "2012.12.27"]
[Round "2.12"]
[White "Strobel, Christian"]
[Black "Schmidt, Franz"]
[Result "1-0"]
[WhiteElo "2068"]
[BlackElo "1883"]
[PlyCount "113"]
[EventDate "2012.??.??"]
[WhiteTeam "TSV Kareth-Lappersdorf"]
[BlackTeam "SK Abensberg"]

1. d4 d5 2. Nf3 Nf6 3. g3 c5 4. Bg2 Nc6 5. O-O cxd4 6. Nxd4 e5 7. Nxc6 bxc6 8.
c4 e4 9. Nc3 h6 10. Bf4 Bb4 11. Nxd5 cxd5 12. Qa4+ Bd7 13. Qxb4 dxc4 14. Qxc4
O-O 15. Rfd1 Qb6 16. Be3 Qxb2 17. Bd4 Be6 18. Qa6 Qb4 19. Rab1 Qc4 20. Qxc4
Bxc4 21. Rb2 Rab8 22. Rdb1 Rxb2 23. Rxb2 Bd5 24. Bh3 Rd8 25. e3 Nh7 26. a4 Ng5
27. Bg4 g6 28. Bf6 Re8 29. Bd7 Nf3+ 30. Kg2 Ra8 31. a5 a6 32. h4 Bc4 33. Bc6
Ne1+ 34. Kg1 Nf3+ 35. Kg2 Ne1+ 36. Kg1 Nf3+ 37. Kh1 Rc8 38. Bxe4 Ne1 39. Rb1
Nd3 40. Kg2 Nc5 41. Bf3 Nd7 42. Bd4 Bb5 43. Be4 Kf8 44. g4 Ke7 45. g5 hxg5 46.
hxg5 f6 47. gxf6+ Nxf6 48. Bxf6+ Kxf6 49. Kf3 Rc4 50. Bd3 Rc5 51. Bxb5 axb5 52.
a6 Rc6 53. Ra1 Rc8 54. a7 Ra8 55. Ke4 Ke6 56. Ra6+ Kf7 57. Kd5 1-0

[Event "1. Wittelsbacher Weihnachts-Schach-Open"]
[Site "Kelheim"]
[Date "2012.12.27"]
[Round "2.13"]
[White "Strasser, Josef"]
[Black "Stöckl, Stephan"]
[Result "0-1"]
[WhiteElo "1915"]
[BlackElo "2126"]
[PlyCount "70"]
[EventDate "2012.??.??"]
[WhiteTeam "Schach-Union München e.V."]
[BlackTeam "SK Schwandorf"]

1. e4 c5 2. Nf3 e6 3. b3 b6 4. Bb2 Bb7 5. d3 Nc6 6. Be2 d6 7. Nbd2 Nf6 8. O-O
Be7 9. Re1 O-O 10. Bf1 Qc7 11. a3 Rad8 12. c3 Nd7 13. d4 Bf6 14. Rc1 Rfe8 15.
Qc2 Qb8 16. Bd3 g6 17. Rcd1 Ne7 18. Qb1 Bg7 19. Ng5 d5 20. e5 Qc8 21. h4 Nf8
22. f4 Nf5 23. Ndf3 c4 24. Bc2 cxb3 25. Bxb3 Ba6 26. Bc2 Ng3 27. Bd3 Re7 28.
Kh2 Nf5 29. Qc2 Rc7 30. Qe2 Bxd3 31. Qxd3 Qd7 32. Re2 h5 33. g3 Rdc8 34. Nd2
Qa4 35. Ngf3 Qxd1 0-1

[Event "1. Wittelsbacher Weihnachts-Schach-Open"]
[Site "Kelheim"]
[Date "2012.12.27"]
[Round "2.14"]
[White "Kümpers, Ulrich"]
[Black "Kaiser, Dominik"]
[Result "1/2-1/2"]
[WhiteElo "2066"]
[BlackElo "1801"]
[PlyCount "82"]
[EventDate "2012.??.??"]
[WhiteTeam "SC Tarrasch 45 München"]
[BlackTeam "TSV Kareth-Lappersdorf"]

1. d4 d5 2. c4 c6 3. cxd5 cxd5 4. Nc3 Nc6 5. Nf3 Nf6 6. Bf4 e6 7. e3 a6 8. Rc1
Qa5 9. Bd3 Bb4 10. O-O O-O 11. a3 Be7 12. Ne5 Nxe5 13. dxe5 Nd7 14. Ne2 Qb6 15.
Nd4 Nc5 16. b4 Nxd3 17. Qxd3 Bd7 18. Rc3 Rac8 19. Rfc1 Rxc3 20. Rxc3 Rc8 21.
Rxc8+ Bxc8 22. Qc3 Bd7 23. h3 Qd8 24. Bg3 Qc8 25. Qxc8+ Bxc8 26. f4 Bd7 27. Be1
f6 28. Nf3 Kf7 29. Bc3 f5 30. Bd4 h6 31. h4 Ba4 32. Bb6 Bd1 33. h5 Bxf3 34.
gxf3 g6 35. hxg6+ Kxg6 36. Kg2 Bh4 37. a4 Be1 38. b5 axb5 39. axb5 Kf7 40. Bc5
Ke8 41. Kh3 Kf7 1/2-1/2

[Event "1. Wittelsbacher Weihnachts-Schach-Open"]
[Site "Kelheim"]
[Date "2012.12.27"]
[Round "2.15"]
[White "Albrecht, Andreas"]
[Black "Seidenschwarz, Holger"]
[Result "0-1"]
[WhiteElo "1756"]
[BlackElo "1989"]
[PlyCount "90"]
[EventDate "2012.??.??"]
[WhiteTeam "Regensb. Turnerschaft"]
[BlackTeam "SC 1947 Beilngries"]

1. d4 d5 2. Nf3 Nf6 3. e3 e6 4. Bd3 c5 5. c3 Nc6 6. Nbd2 Bd6 7. O-O O-O 8. dxc5
Bxc5 9. b4 Be7 10. Bb2 Qd6 11. a3 e5 12. e4 Bg4 13. exd5 Qxd5 14. Bc4 Qd6 15.
h3 Bh5 16. Qe2 Nd5 17. Ne4 Nf4 18. Nxd6 Nxe2+ 19. Bxe2 Bxd6 20. Nd4 Bxe2 21.
Nxe2 b5 22. Rac1 a5 23. Rfd1 Rfd8 24. Rd5 Be7 25. Rcd1 f6 26. Ng3 Kf7 27. Kf1
Ke6 28. R5d3 g6 29. Ke2 f5 30. f3 Bg5 31. Nf1 h5 32. g3 Rxd3 33. Rxd3 Rd8 34.
Nd2 Rxd3 35. Kxd3 Bxd2 36. Kxd2 Kd5 37. Bc1 Kc4 38. Kc2 a4 39. Be3 Ne7 40. Bf2
Nd5 41. Be1 e4 42. fxe4 fxe4 43. Bd2 e3 44. Be1 g5 45. g4 h4 0-1

[Event "1. Wittelsbacher Weihnachts-Schach-Open"]
[Site "Kelheim"]
[Date "2012.12.27"]
[Round "2.16"]
[White "Maurer, Heinrich"]
[Black "Vilsmeier, Christian"]
[Result "1-0"]
[WhiteElo "2131"]
[BlackElo "1755"]
[PlyCount "99"]
[EventDate "2012.??.??"]
[WhiteTeam "SK Kelheim 1920"]
[BlackTeam "DJK-Regensburg Nord e.V."]

1. e4 e6 2. d4 d5 3. Nc3 Nf6 4. e5 Nfd7 5. f4 c5 6. Nf3 Nc6 7. Be3 Qb6 8. Rb1
Be7 9. dxc5 Bxc5 10. Bxc5 Nxc5 11. Bd3 Bd7 12. a3 Rc8 13. Qe2 a6 14. Qf2 Nxd3+
15. cxd3 Qxf2+ 16. Kxf2 Na7 17. Ke3 O-O 18. Nd4 Rc7 19. Rbc1 Rfc8 20. Nce2 Kf8
21. Rc3 Ke7 22. Rhc1 Kd8 23. Nb3 Rxc3 24. Nxc3 Nb5 25. Nxb5 Rxc1 26. Nxc1 Bxb5
27. Kd4 Kc7 28. b3 a5 29. Ne2 Be8 30. g4 Kc6 31. Ng3 g6 32. h4 b6 33. g5 Kd7
34. h5 Ke7 35. h6 a4 36. b4 Bc6 37. Ne2 Kf8 38. Nc3 Ke7 39. b5 Be8 40. Nxa4
Bxb5 41. Nxb6 Kd8 42. a4 Ba6 43. Kc3 Kc7 44. a5 Kc6 45. d4 Bb7 46. Kb4 Ba6 47.
Na4 Bf1 48. Nc5 Be2 49. a6 Kb6 50. Nd7+ 1-0

[Event "1. Wittelsbacher Weihnachts-Schach-Open"]
[Site "Kelheim"]
[Date "2012.12.27"]
[Round "2.17"]
[White "Miethaner, Ulrich"]
[Black "Kues, Manuel"]
[Result "1/2-1/2"]
[WhiteElo "1720"]
[BlackElo "2002"]
[PlyCount "175"]
[EventDate "2012.??.??"]
[WhiteTeam "SC Bavaria Regensb.1881"]
[BlackTeam "TSV Kareth-Lappersdorf"]

1. d4 Nf6 2. Nc3 g6 3. e4 d6 4. Bc4 Bg7 5. Qe2 e5 6. dxe5 dxe5 7. Bg5 c6 8. f4
Qc7 9. Nf3 Bg4 10. O-O-O O-O 11. fxe5 Bxf3 12. gxf3 Nh5 13. Qe3 Bxe5 14. Ne2 b5
15. Bd3 Qa5 16. f4 Bg7 17. Kb1 Nf6 18. Bxf6 Bxf6 19. h4 Na6 20. e5 Nb4 21. Nc3
Nxd3 22. Rxd3 Bg7 23. h5 Rfd8 24. Rxd8+ Qxd8 25. hxg6 hxg6 26. Qh3 Qd4 27. Qh7+
Kf8 28. e6 Qf6 29. exf7 Kxf7 30. Qh4 Qxh4 31. Rxh4 Re8 32. Kc1 Bxc3 33. bxc3
Kf6 34. Kd2 Kf5 35. Rh7 Kxf4 36. Rxa7 Rf8 37. Ke2 Kg4 38. Rd7 Re8+ 39. Kf2 Rf8+
40. Kg2 Rf6 41. Rd4+ Kf5 42. c4 Ke5 43. Rg4 b4 44. c5 Rf4 45. Rxg6 Kd5 46. Rd6+
Kxc5 47. Rd3 Rc4 48. Rd2 Rc3 49. Kf2 Kc4 50. Ke1 Ra3 51. Kd1 Rxa2 52. Rd6 Ra1+
53. Kd2 c5 54. Rh6 Rg1 55. Rh4+ Kb5 56. Rh5 Rg3 57. Kc1 Kc4 58. Kb2 Rg4 59. Rh3
Rg5 60. Rh4+ Kb5 61. Rf4 c4 62. Rf8 Rg2 63. Rb8+ Kc5 64. Rc8+ Kd5 65. Rd8+ Ke6
66. Re8+ Kd7 67. Re1 b3 68. Rc1 Kc6 69. Kc3 Kb5 70. cxb3 Rg3+ 71. Kb2 Rxb3+ 72.
Kc2 Kb4 73. Rh1 Rc3+ 74. Kb2 Rb3+ 75. Kc2 c3 76. Rh4+ Ka3 77. Rh3 Rb2+ 78. Kc1
Kb3 79. Rh8 Rc2+ 80. Kb1 Rb2+ 81. Kc1 Rg2 82. Rb8+ Kc4 83. Rc8+ Kd3 84. Rd8+
Ke4 85. Re8+ Kd5 86. Rd8+ Ke6 87. Rc8 Kd5 88. Rxc3 1/2-1/2

[Event "1. Wittelsbacher Weihnachts-Schach-Open"]
[Site "Kelheim"]
[Date "2012.12.27"]
[Round "2.18"]
[White "Weber, Daniel"]
[Black "Meul, Willi"]
[Result "1-0"]
[WhiteElo "1866"]
[BlackElo "1856"]
[PlyCount "51"]
[EventDate "2012.??.??"]
[WhiteTeam "SC Bechhofen 1923 e.V."]
[BlackTeam "SV 1925 Hürth-Berrenra"]

1. d4 Nf6 2. Nf3 g6 3. Nc3 d5 4. Bf4 c6 5. e3 Bg7 6. Be2 Nbd7 7. Ne5 O-O 8. h4
Ne4 9. Nxe4 dxe4 10. Nxd7 Bxd7 11. c3 e6 12. Qc2 f5 13. g4 Qe7 14. O-O-O b5 15.
gxf5 exf5 16. h5 g5 17. Bxg5 Qxg5 18. h6 Qe7 19. Rdg1 Rf7 20. Bh5 Raf8 21.
Bxf7+ Rxf7 22. Qd1 Kh8 23. hxg7+ Rxg7 24. Rxg7 Qxg7 25. Qg1 Qf7 26. Qg5 1-0

[Event "1. Wittelsbacher Weihnachts-Schach-Open"]
[Site "Kelheim"]
[Date "2012.12.27"]
[Round "2.19"]
[White "Seifert, Werner"]
[Black "Braun, Kristin"]
[Result "1/2-1/2"]
[WhiteElo "2000"]
[BlackElo "1836"]
[PlyCount "71"]
[EventDate "2012.??.??"]
[WhiteTeam "SAbt SV Weiss-BL.Allianz"]
[BlackTeam "SC Forchheim e.V."]

1. e4 d5 2. exd5 Nf6 3. d4 Nxd5 4. c4 Nf6 5. Nf3 g6 6. h3 Bg7 7. Nc3 O-O 8. Be3
Bf5 9. Be2 Re8 10. O-O Nbd7 11. Rc1 Ne4 12. Nxe4 Bxe4 13. Nd2 Nf6 14. Nxe4 Nxe4
15. Bf3 Nd6 16. b3 Rb8 17. Bf4 e5 18. dxe5 Bxe5 19. Bxe5 Rxe5 20. Qd4 Ra5 21.
Rcd1 Qg5 22. a4 Qe5 23. Rfe1 Qxd4 24. Rxd4 Kf8 25. Bd5 Re8 26. Kf1 Rxe1+ 27.
Kxe1 Ke7 28. Ke2 c6 29. Bf3 Re5+ 30. Kd2 f5 31. g3 Ke6 32. Bg2 Ne4+ 33. Bxe4
Rxe4 34. Rd8 Kf7 35. Rd7+ Re7 36. Rxe7+ 1/2-1/2

[Event "1. Wittelsbacher Weihnachts-Schach-Open"]
[Site "Kelheim"]
[Date "2012.12.27"]
[Round "2.20"]
[White "Zwetz, Jasmin"]
[Black "Watzenberger, Stefan"]
[Result "0-1"]
[WhiteElo "1730"]
[BlackElo "1898"]
[PlyCount "51"]
[EventDate "2012.??.??"]
[WhiteTeam "TSV Kareth-Lappersdorf"]
[BlackTeam "SC Sendling e.V."]

1. e4 e6 2. d4 d5 3. exd5 exd5 4. Bd3 Nf6 5. Bf4 Bd6 6. Bxd6 Qxd6 7. Nf3 O-O 8.
O-O Bg4 9. Nbd2 Nbd7 10. c3 c5 11. dxc5 Nxc5 12. Qc2 Rfd8 13. Nd4 Ne6 14. N2f3
Rac8 15. Nf5 Qc7 16. N3d4 Bxf5 17. Nxf5 d4 18. Rac1 dxc3 19. bxc3 g6 20. Ne3
Nf4 21. Bc4 Rd6 22. Rfd1 Rc6 23. Qb3 Rxc4 24. Nxc4 Ne2+ 25. Kh1 Ng4 26. g3 0-1

[Event "1. Wittelsbacher Weihnachts-Schach-Open"]
[Site "Kelheim"]
[Date "2012.12.27"]
[Round "2.21"]
[White "Weigert, Wilhelm"]
[Black "Fernandez-Garcia, Relman"]
[Result "0-1"]
[WhiteElo "2024"]
[BlackElo "2067"]
[PlyCount "66"]
[EventDate "2012.??.??"]
[WhiteTeam "SK Kelheim 1920"]
[BlackTeam "SG Schwabing München Nord e.V."]

1. c4 e6 2. g3 d5 3. Bg2 Nf6 4. Nf3 c5 5. O-O Nc6 6. cxd5 exd5 7. d4 h6 8. Nc3
Be6 9. Bf4 a6 10. a4 Qb6 11. a5 Nxa5 12. dxc5 Bxc5 13. Na4 Qa7 14. Nxc5 Qxc5
15. b4 Qxb4 16. Bd2 Qd6 17. Bxa5 O-O 18. Rb1 Rfb8 19. Rb6 Qc5 20. Qa1 Nd7 21.
Rc1 Qf8 22. Bb4 Qe8 23. Rd6 a5 24. Bc3 Qe7 25. Rxd7 Bxd7 26. Bxg7 Ra6 27. Ne5
Rc8 28. Rxc8+ Bxc8 29. Bxd5 Kxg7 30. Bc4 Ra8 31. Nxf7+ Qf6 32. Qa2 Bh3 33. f4
Qd4+ 0-1

[Event "1. Wittelsbacher Weihnachts-Schach-Open"]
[Site "Kelheim"]
[Date "2012.12.27"]
[Round "2.22"]
[White "Müller, Johannes"]
[Black "Swierzy, David"]
[Result "0-1"]
[WhiteElo "1534"]
[BlackElo "1391"]
[PlyCount "44"]
[EventDate "2012.??.??"]
[WhiteTeam "SK Kelheim 1920"]
[BlackTeam "SC Straubing"]

1. d4 Nf6 2. c4 e6 3. Nc3 Bb4 4. e3 c5 5. a3 Bxc3+ 6. bxc3 O-O 7. e4 d5 8. cxd5
exd5 9. e5 Ne4 10. Nf3 Qa5 11. Bd2 Nc6 12. Be2 cxd4 13. cxd4 Nxd2 14. Qxd2
Qxd2+ 15. Kxd2 Bg4 16. Kd3 f6 17. exf6 Rxf6 18. Rhe1 Re8 19. h3 Bh5 20. Rac1
Rf4 21. Ne5 Rxd4+ 22. Kc3 Rxe5 0-1

[Event "1. Wittelsbacher Weihnachts-Schach-Open"]
[Site "Kelheim"]
[Date "2012.12.27"]
[Round "2.23"]
[White "Braun, Thomas"]
[Black "Karl, Markus"]
[Result "1-0"]
[WhiteElo "2162"]
[BlackElo "1436"]
[PlyCount "47"]
[EventDate "2012.??.??"]
[WhiteTeam "FC Bayern München e.V."]
[BlackTeam "SK Kelheim 1920"]

1. d4 Nf6 2. c4 g6 3. Nc3 Bg7 4. e4 d6 5. Nf3 O-O 6. Be2 e5 7. Be3 Nbd7 8. O-O
Re8 9. d5 Nc5 10. Nd2 c6 11. b4 Ncd7 12. Nb3 cxd5 13. cxd5 Nb6 14. a4 Bd7 15.
a5 Nc8 16. Rc1 b6 17. f3 Rb8 18. a6 b5 19. Na5 Nb6 20. Nb7 Qe7 21. Bxb5 Bxb5
22. Nxb5 Rxb7 23. axb7 Qxb7 24. Nxd6 1-0

[Event "1. Wittelsbacher Weihnachts-Schach-Open"]
[Site "Kelheim"]
[Date "2012.12.27"]
[Round "2.24"]
[White "Beilschmidt, Eva"]
[Black "Burgard, Manfred"]
[Result "1-0"]
[WhiteElo "1716"]
[BlackElo "1354"]
[PlyCount "55"]
[EventDate "2012.??.??"]
[WhiteTeam "SK Kelheim 1920"]
[BlackTeam "SF Roding"]

1. e4 c5 2. Nf3 d6 3. d4 cxd4 4. Nxd4 Nf6 5. Nc3 g6 6. Be2 Bg7 7. Be3 O-O 8.
Qd2 Nc6 9. O-O-O a6 10. f3 Qc7 11. h4 h5 12. Rdg1 Ne5 13. Kb1 Be6 14. Nxe6 fxe6
15. g4 Nc4 16. Bxc4 Qxc4 17. gxh5 Nxh5 18. Qg2 Nf4 19. Bxf4 Rxf4 20. Qxg6 Qd4
21. Qxe6+ Kf8 22. h5 Rf6 23. Qg4 Rh6 24. Rd1 Qf6 25. Rd5 Kg8 26. Rg1 Rf8 27.
Rg5 Rf7 28. e5 1-0

[Event "1. Wittelsbacher Weihnachts-Schach-Open"]
[Site "Kelheim"]
[Date "2012.12.27"]
[Round "2.25"]
[White "Karl, Thomas"]
[Black "Klemp, Sören"]
[Result "1/2-1/2"]
[WhiteElo "1424"]
[BlackElo "1822"]
[PlyCount "82"]
[EventDate "2012.??.??"]
[WhiteTeam "SK Kelheim 1920"]
[BlackTeam "Regensb. Turnerschaft"]

1. d4 f5 2. Nf3 Nf6 3. c4 g6 4. Nc3 Bg7 5. e3 O-O 6. Bd3 d6 7. O-O Qe8 8. Qc2
Na6 9. a3 e5 10. Be2 c6 11. b4 Nc7 12. Bb2 f4 13. dxe5 dxe5 14. exf4 exf4 15.
Rfe1 Bf5 16. Bd3 Bxd3 17. Qxd3 Qc8 18. Rad1 Rd8 19. Qc2 Nce8 20. Nd2 Nd6 21. c5
Nf5 22. Nde4 Nd4 23. Qc1 f3 24. Nxf6+ Bxf6 25. Ne4 Ne2+ 26. Rxe2 Rxd1+ 27. Qxd1
fxe2 28. Nxf6+ Kf7 29. Qxe2 Qf5 30. h4 Rd8 31. Kh2 Qf4+ 32. g3 Qd2 33. Qxd2
Rxd2 34. Bc3 Rxf2+ 35. Kg1 Rxf6 36. Bxf6 Kxf6 37. Kf2 h6 38. Kf3 Kf5 39. Ke3
Ke5 40. a4 Kd5 41. Kd3 a6 1/2-1/2

[Event "1. Wittelsbacher Weihnachts-Schach-Open"]
[Site "Kelheim"]
[Date "2012.12.27"]
[Round "2.26"]
[White "Schmitz, Marc"]
[Black "Obermeier, Johannes"]
[Result "1-0"]
[WhiteElo "1674"]
[BlackElo "1310"]
[PlyCount "59"]
[EventDate "2012.??.??"]
[WhiteTeam "SV Saal/Donau e.V.SAbt"]
[BlackTeam "SK Kelheim 1920"]

1. Nf3 Nf6 2. b3 b6 3. Bb2 Bb7 4. e3 e6 5. c4 c5 6. Be2 d5 7. Ne5 Bd6 8. cxd5
exd5 9. Bb5+ Nbd7 10. Nxd7 Nxd7 11. Qg4 Rg8 12. d4 a6 13. Bd3 Nf6 14. Qe2 h6
15. Nd2 Qc7 16. Nf3 Nd7 17. Rc1 b5 18. dxc5 Nxc5 19. O-O Qe7 20. Bb1 g5 21. Nd4
Qe5 22. g3 Ne4 23. Nxb5 Qe6 24. Bxe4 dxe4 25. Nxd6+ Qxd6 26. Rfd1 Qe6 27. Rc5
f6 28. Rc7 Bc6 29. Qh5+ Kf8 30. Ba3+ 1-0

[Event "1. Wittelsbacher Weihnachts-Schach-Open"]
[Site "Kelheim"]
[Date "2012.12.27"]
[Round "2.27"]
[White "Fischer, Agnes"]
[Black "Hessler, Markus"]
[Result "0-1"]
[WhiteElo "1369"]
[BlackElo "1762"]
[PlyCount "100"]
[EventDate "2012.??.??"]
[WhiteTeam "SF Tegernheim"]
[BlackTeam "SF Roding"]

1. e4 d6 2. d4 Nf6 3. Nc3 c6 4. Nf3 Bg4 5. Be2 e6 6. h3 Bxf3 7. Bxf3 d5 8. O-O
a6 9. exd5 cxd5 10. Re1 Be7 11. Re3 O-O 12. Ne2 Nc6 13. Ng3 Rc8 14. c3 b5 15.
Be2 Qb6 16. Nh5 Nxh5 17. Bxh5 g6 18. Be2 Na5 19. Rg3 Bd6 20. Rg4 Qd8 21. Bg5
Be7 22. Bh6 Re8 23. Bd3 Nc6 24. Qd2 e5 25. Bf5 Rc7 26. Re1 e4 27. Bf4 Bd6 28.
Bxd6 Qxd6 29. Qh6 Qf8 30. Qf4 Qe7 31. h4 Kh8 32. Qh6 Qf8 33. Qf4 Rce7 34. Bxg6
fxg6 35. Qd6 Re6 36. Qxd5 Rd6 37. Qg5 Qf5 38. Re3 Qxg5 39. Rxg5 Rd7 40. f3 Rde7
41. f4 Na5 42. b3 Nb7 43. Kf2 Nd6 44. g4 Rc8 45. Rd5 Rc6 46. Ke2 Rf7 47. f5
gxf5 48. gxf5 Rxf5 49. Rxf5 Nxf5 50. Rxe4 Ng3+ 0-1

[Event "1. Wittelsbacher Weihnachts-Schach-Open"]
[Site "Kelheim"]
[Date "2012.12.27"]
[Round "2.28"]
[White "Bartmann, Florian"]
[Black "Fernandez-Alvarez, Raul"]
[Result "1/2-1/2"]
[WhiteElo "1665"]
[BlackElo "1279"]
[PlyCount "126"]
[EventDate "2012.??.??"]
[WhiteTeam "SK Kelheim 1920"]
[BlackTeam "SG Schwabing München Nord e.V."]

1. e4 e6 2. d4 d5 3. c4 Ne7 4. Nc3 c6 5. Nf3 Ng6 6. Bd3 Be7 7. O-O O-O 8. Qb3
dxc4 9. Bxc4 Nd7 10. Rd1 Qb6 11. Qc2 Rd8 12. Be3 Qc7 13. Rac1 Nb6 14. Bb3 e5
15. d5 cxd5 16. Bxd5 Bg4 17. Qb3 Nxd5 18. Nxd5 Qb8 19. Nxe7+ Nxe7 20. Rxd8+
Qxd8 21. Nxe5 Be6 22. Qxb7 Bxa2 23. Bc5 Rc8 24. Qd7 Qxd7 25. Nxd7 Be6 26. Ne5
f6 27. Nd3 Ng6 28. Bxa7 Ra8 29. Bd4 Rd8 30. Nc5 Rxd4 31. Nxe6 Rxe4 32. Nc5 Rb4
33. b3 Rb5 34. g3 Ne7 35. Kg2 Nc6 36. Rc3 Nd4 37. Rd3 Nc6 38. Rc3 Nd4 39. Rd3
Nc6 40. Ne4 Re5 41. Rc3 Nd4 42. Nd6 Kf8 43. b4 Rd5 44. Ne4 Rb5 45. Rc4 Nf5 46.
Nc3 Rb7 47. Nd5 Nd6 48. Rc6 Nf5 49. Rc8+ Kf7 50. Rc7+ Rxc7 51. Nxc7 Nd4 52. b5
Ke7 53. Nd5+ Kd6 54. Nc3 Kc7 55. g4 Kb6 56. Kg3 Nxb5 57. Nxb5 Kxb5 58. Kf4 Kc6
59. Kf5 Kd7 60. h4 Ke7 61. h5 Kf7 62. f4 g6+ 63. hxg6+ hxg6+ 1/2-1/2

[Event "1. Wittelsbacher Weihnachts-Schach-Open"]
[Site "Kelheim"]
[Date "2012.12.27"]
[Round "2.29"]
[White "Eichinger, Bernd"]
[Black "Gleis, Wolfgang"]
[Result "0-1"]
[WhiteElo "1315"]
[BlackElo "1663"]
[PlyCount "48"]
[EventDate "2012.??.??"]
[WhiteTeam "SK Schwandorf"]
[BlackTeam "SF Tegernheim"]

1. d4 Nf6 2. c4 g6 3. Nc3 Bg7 4. Bf4 d6 5. Nf3 O-O 6. e3 Nbd7 7. Bd3 Nh5 8. Ne2
e5 9. Bg3 f5 10. Bc2 e4 11. Nd2 g5 12. f4 exf3 13. Nxf3 g4 14. Nd2 Nxg3 15.
hxg3 c5 16. Bd3 Qe7 17. Nf1 cxd4 18. exd4 Bxd4 19. Qc2 Nc5 20. O-O-O Be5 21.
Kb1 Nxd3 22. Qxd3 f4 23. gxf4 Bf5 24. fxe5 Qxe5 0-1

[Event "1. Wittelsbacher Weihnachts-Schach-Open"]
[Site "Kelheim"]
[Date "2012.12.27"]
[Round "2.30"]
[White "Brunner, Tobias"]
[Black "Kellner, Christian"]
[Result "0-1"]
[WhiteElo "1297"]
[BlackElo "1642"]
[PlyCount "116"]
[EventDate "2012.??.??"]
[WhiteTeam "TSV Nittenau"]
[BlackTeam "SK Kelheim 1920"]

1. e4 d6 2. d4 Nf6 3. Nc3 g6 4. Nf3 Bg7 5. Be2 O-O 6. O-O c6 7. Bf4 Nbd7 8. Qd2
Re8 9. Bh6 Bh8 10. h3 Qa5 11. Nh2 b5 12. a3 b4 13. axb4 Qxb4 14. Rfd1 Bb7 15.
Na2 Qxd2 16. Bxd2 Nxe4 17. c3 Nxd2 18. Rxd2 c5 19. Bb5 Red8 20. Bxd7 Rxd7 21.
dxc5 Rad8 22. cxd6 Rxd6 23. Rxd6 Rxd6 24. Re1 Ba6 25. Nb4 Bc4 26. Ng4 Bb3 27.
Rxe7 a5 28. Rb7 axb4 29. Rxb4 Be6 30. Ne3 Be5 31. Re4 Bf6 32. Rb4 Rd2 33. Kf1
Be7 34. Ke1 Rd3 35. Rb7 Bg5 36. Ke2 Rd6 37. Rb5 Bf6 38. c4 Bd7 39. Rb8+ Kg7 40.
c5 Rc6 41. b4 Be5 42. Rb7 Bc8 43. Re7 Bf6 44. Re4 Be6 45. Ng4 Bc3 46. Ne5 Bd5
47. Nxc6 Bxe4 48. b5 Bxc6 49. bxc6 Ba5 50. g4 Kf6 51. Ke3 Ke5 52. h4 Bd8 53. f3
f5 54. g5 f4+ 55. Kd3 Kd5 56. Kc3 Kxc5 57. Kd3 Kxc6 58. Ke4 Bc7 0-1

[Event "1. Wittelsbacher Weihnachts-Schach-Open"]
[Site "Kelheim"]
[Date "2012.12.27"]
[Round "2.31"]
[White "Schmitz, Björn"]
[Black "Antczak, Lena"]
[Result "1-0"]
[WhiteElo "1629"]
[BlackElo "1289"]
[PlyCount "59"]
[EventDate "2012.??.??"]
[WhiteTeam "SV Saal/Donau e.V.SAbt"]
[BlackTeam "SK Kelheim 1920"]

1. d4 e6 2. c4 d5 3. Nc3 Nf6 4. cxd5 exd5 5. Bg5 Be7 6. e3 Bf5 7. Bxf6 Bxf6 8.
Qb3 c6 9. Qxb7 Nd7 10. Qxc6 Rb8 11. Bb5 O-O 12. Qxd5 Be6 13. Qf3 Nc5 14. Qe2
Nb7 15. Nf3 Qa5 16. O-O Rfc8 17. h3 Nd6 18. Bd3 Rc7 19. Rfc1 Be7 20. e4 Bg5 21.
Nxg5 Qxg5 22. Kh2 Rb6 23. Rc2 Bd7 24. Rd1 Bc6 25. Nd5 Nxe4 26. Bxe4 Re7 27.
Nxe7+ Qxe7 28. Bxc6 Qxe2 29. Rxe2 Rxc6 30. Re8# 1-0

[Event "1. Wittelsbacher Weihnachts-Schach-Open"]
[Site "Kelheim"]
[Date "2012.12.27"]
[Round "2.32"]
[White "Dietl, Harald"]
[Black "Böse, Christina"]
[Result "1-0"]
[WhiteElo "1805"]
[BlackElo "1202"]
[PlyCount "83"]
[EventDate "2012.??.??"]
[WhiteTeam "SK Abensberg"]
[BlackTeam "SC Bechhofen 1923 e.V."]

1. e4 e5 2. Nf3 Nc6 3. d4 exd4 4. Nxd4 Bc5 5. Nb3 Bb6 6. Nc3 Nf6 7. Bf4 d6 8.
f3 O-O 9. Qd2 Ne7 10. O-O-O Ng6 11. Bg5 h6 12. Be3 Bxe3 13. Qxe3 Qe7 14. g4 c5
15. Kb1 a6 16. h4 Ne8 17. Nd5 Qd8 18. g5 h5 19. Be2 Ne7 20. f4 g6 21. Qf2 Be6
22. Nxe7+ Qxe7 23. Bf3 Bxb3 24. axb3 a5 25. e5 dxe5 26. Rhe1 a4 27. Rxe5 Qc7
28. Qxc5 Qxc5 29. Rxc5 Ra7 30. Rd8 Kg7 31. Rcc8 axb3 32. cxb3 b5 33. Rxe8 Rxe8
34. Rxe8 Rd7 35. Kc2 Rd4 36. Re4 Rxe4 37. Bxe4 f6 38. b4 Kf7 39. Bc6 Ke6 40.
Bxb5 fxg5 41. fxg5 Kd6 42. Be8 1-0

[Event "1. Wittelsbacher Weihnachts-Schach-Open"]
[Site "Kelheim"]
[Date "2012.12.27"]
[Round "2.33"]
[White "Fritsch, Julian"]
[Black "Brack, André"]
[Result "0-1"]
[WhiteElo "1300"]
[BlackElo "1818"]
[PlyCount "112"]
[EventDate "2012.??.??"]
[WhiteTeam "SK Kelheim 1920"]
[BlackTeam "Regensb. Turnerschaft"]

1. d4 d5 2. g3 Nf6 3. Bg2 Bf5 4. Nf3 c5 5. c3 e6 6. O-O Qb6 7. Nbd2 Nc6 8. Nb3
c4 9. Nbd2 Rc8 10. Nh4 Bg6 11. Nxg6 hxg6 12. e4 Be7 13. exd5 exd5 14. b3 cxb3
15. Qxb3 Qxb3 16. axb3 O-O 17. Bb2 a6 18. c4 dxc4 19. bxc4 Bb4 20. d5 Na5 21.
Ne4 Nxe4 22. Bxe4 Nxc4 23. Bc1 a5 24. Bf4 Nd2 25. Bxd2 Bxd2 26. Rfb1 Rb8 27.
Rb6 Rfd8 28. Rab1 Bb4 29. Rc1 Rd6 30. Rcc6 Rxc6 31. dxc6 Bc5 32. Rb5 b6 33. Bd5
Rc8 34. Rb1 Kf8 35. Re1 f6 36. Re4 b5 37. Re1 a4 38. Rc1 Bd6 39. Rd1 b4 40. Rc1
b3 41. Be4 b2 42. Rc4 a3 43. Ra4 f5 44. Bd3 Rxc6 45. Ra8+ Ke7 46. Ra7+ Rc7 47.
Rxc7+ Bxc7 48. Bb1 g5 49. f3 Kd6 50. Kf2 Kc5 51. Ke2 Kc4 52. Kd2 Kb3 53. Bxf5
a2 54. Be6+ Ka3 55. Bxa2 Kxa2 56. Kc2 b1=Q+ 0-1